| 000 | 01448nam a2200325Ia 4500 | ||
|---|---|---|---|
| 001 | ebr5000590 | ||
| 003 | CaPaEBR | ||
| 006 | m u | ||
| 007 | cr cn||||||||| | ||
| 008 | 100924r20011842inu s 000 f eng d | ||
| 040 |
_aCaPaEBR _cCaPaEBR |
||
| 035 | _a(OCoLC)680629256 | ||
| 050 | 1 | 4 |
_aE165 _b.D53 2001eb |
| 100 | 1 |
_aDickens, Charles, _d1812-1870. |
|
| 245 | 1 | 0 |
_aAmerican notes for general circulation _h[electronic resource] / _cby Charles Dickens. |
| 260 |
_a[South Bend, IN] : _bInfomotions, Inc. ; _a[Salt Lake City, Utah] : _bProject Gutenburg, _c2001. |
||
| 300 | _a179 p. | ||
| 500 | _a"Preface to the first cheap edition of American notes ... June 22, 1850 ... preface to the Charles Dickens edition ... ." | ||
| 533 |
_aElectronic reproduction. _bPalo Alto, Calif. : _cebrary, _d2010. _nAvailable via World Wide Web. _nAccess may be limited to ebrary affiliated libraries. |
||
| 600 | 1 | 0 |
_aDickens, Charles, _d1812-1870 _xTravel _zUnited States. |
| 650 | 0 |
_aAuthors, English _vBiography. |
|
| 651 | 0 |
_aUnited States _xDescription and travel. |
|
| 651 | 0 |
_aUnited States _xSocial life and customs _y1783-1865. |
|
| 651 | 0 |
_aCanada _xDescription and travel. |
|
| 655 | 7 |
_aElectronic books. _2local |
|
| 710 | 2 | _aInfomotions, Inc. | |
| 710 | 2 | _aProject Gutenberg. | |
| 710 | 2 | _aebrary, Inc. | |
| 856 | 4 | 0 |
_uhttp://site.ebrary.com/lib/rucke/Doc?id=5000590 _zAn electronic book accessible through the World Wide Web; click to view |
| 999 |
_c2897 _d2897 |
||